000
00244nam a2200121Ia 4500
100
_a
Rolfe John
490
_v
II
942
_c
BK
654
_a
Design Drawing
245
_a
Design Drawing
260
_b
Hodder
_a
London
_c
1984
546
_a
ENGLISH
999
_c
20170
_d
20170